000 00559nam a2200193Ia 4500
001 22384
003 GE_BSU
008 181216s||||||||xx |||||||||||||| ||und||
040 _cGE_BSU
245 _aВопросы философии, №1. 2018.
245 _cГл.ред. Пружинин Борис Исаевич и др.
260 _aМосква
260 _c2018
300 _a222 стр. 24см.
653 _aВопросы философии. №1. 2018.
653 _aПериодика
653 _aპერიოდიკა
942 _cCR
999 _c55306
_d55306